00678nam a2200157 a 450000100100000000500170001000800410002704000250006810000320009324500590012526000800018430000220026495201060028695201110039299900170050300003778220201002031119.0130306s1984 dr 000 0 spa d aDO-SdBNPbspacBNPHU1 aPiantini, Ramón A.95432710aLegislación económica 1983 /cRamón A. Piantini. aSanto Domingo :bCentro de Estudios Monetarios y Bancarios (CEMYB) ,c1984. a59 p. : ;c21 cm. 00107-18PDaPDbPDcOId2013-03-06iLF1l0o p37782-10r2020-06-25w2020-06-25yLFPDZNo se presta 0010728PDaPDbPDcOId2013-03-06iLF1l0o p37782-20r2020-06-25te. 2w2020-06-25yLFPDZNo se presta c37272d37272